000 00584nam a22001817a 4500
003 CEME
005 20210628201644.0
008 210212b xxu||||| |||| 00| 0 eng d
020 _a0-471-13824-X
040 _c.
082 _a620.118 SIE
100 _aChaturvedi, Shive.K Sierakowski, Robert.L
_956191
245 _aDynamic loading and characterization of fiber reinforced composites
260 _aNEW YORK
_bJOHN WILEY
_c1997
300 _aXIII,253P
650 _aFIBROUS COMPOSITES-TESTING FIBER REINFORCED PLASTICS-TESTING MATERIALS-DYNAMIC TESTING
_956192
942 _cBK
_2ddc
999 _c566691
_d566691